Personnages Harry Potter en Lego - Statistiques

Statistiques générales
  • Ce quiz a été pris 18 fois
  • Le résultat moyen est 46 sur 169
Statistiques - réponses
Par images Réponse % Correct
Albus Dumbledore
94%
Alastor Maugrey
81%
Aragog
81%
Bellatrix Lestrange
81%
Abelforth Dumbledore
63%
Arthur Weasley
63%
Basilic
63%
Bill Weasley
63%
Cedric Diggory
56%
Argus Rusard
50%
Dobby
50%
Dolores Ombrage
50%
Drago Malefoy
50%
Fred Weasley
50%
George Weasley
50%
Harry Potter
50%
Hedwige
50%
Kreattur
50%
Alicia Spinnet
44%
Barty Croupton Senior
44%
Croutard
44%
Fumseck
44%
Ginny Weasley
44%
Hermione Granger
44%
Lucius Malefoy
44%
Minerva McGonagall
44%
Albus Severus Potter
38%
Angelina Johnson
38%
Arnold
38%
Barty Croupton junior
38%
Blaise Zabini
38%
Détraqueur
38%
Dudley Dursley
38%
Fenrir Greyback
38%
Firenze
38%
Graup
38%
James Potter
38%
Kingsley Shacklebolt
38%
Lily Potter
38%
Mandragore
38%
Mimi Geignarde
38%
Narcissa Malefoy
38%
Voldemort
38%
Augusta Londubat
31%
Aurora Sinistra
31%
Cho Chang
31%
Colin Crivey
31%
Coquecigrue
31%
Dean Thomas
31%
Errol
31%
Garrick Ollivander
31%
Gellert Grindelwald
31%
Gilderoy Lockhart
31%
Héléna Serdaigle
31%
Horace Slughorn
31%
Lily Luna Potter
31%
Luna Lovegood
31%
Molly Weasley
31%
Neville Londubat
31%
Nick-Quadi-Sans-Tête
31%
Nymphadora Tonks
31%
Olivier Dubois
31%
Olympe Maxime
31%
Padma Patil
31%
Parvati Patil
31%
Pattenrond
31%
Percy Weasley
31%
Petunia Dursley
31%
Pomona Chourave
31%
Poppy Pomfresh
31%
Rita Skeeter
31%
Ron weasley
31%
Rubeus Hagrid
31%
Severus Rogue
31%
Sibylle Trelawnet
31%
Sombral
31%
Charlie Weasley
25%
Fleur Delacour
25%
Gabrielle Delacour
25%
Godric Gryffondor
25%
Gregory Goyle
25%
Igor Karkaroff
25%
James Sirius Potter
25%
Justin Flinch-Fletchley
25%
Lavande Brown
25%
Le Monstrueux Livre Des Monstres
25%
Lutin de cornouaille
25%
Marcus Flint
25%
Marjorie Dursley
25%
Norbert Dragonneau
25%
Pansy Parkinson
25%
Peter Pettigrow
25%
Queenie Goldstein
25%
Remus Lupin
25%
Rowena Serdaigle
25%
Salazar Serpentard
25%
Seamus Finnigan
25%
Sirius Black
25%
Tina Goldstein
25%
Touffu
25%
Troll des Montagnes
25%
Xenophilius Lovegood
25%
Albert Runcorn
19%
Corban Yaxley
19%
Cornelius Fudge
19%
Croyance Bellebosse
19%
Dragomir Despard
19%
Epouvantard
19%
Filius Flitwick
19%
Gripsec
19%
Hannah Abbott
19%
Katie Bell
19%
Lucian Bole
19%
Miss Teigne
19%
Moine gras
19%
Norbert
19%
Pégase
19%
Percival Graves
19%
Quirinus Quirrell
19%
Renée Bibine
19%
Sirène / Etre de l'eau
19%
Stan Rocade
19%
Susan Bones
19%
Teddy
19%
Vernon Dursley
19%
Vincent Crabbe
19%
Bogrod
13%
Daphné Greengrass
13%
Ernie Danlmur
13%
Ernie Macmillan
13%
Florian Fortarome
13%
Helga Poufsouffle
13%
Irma Pince
13%
Jacob Kowalski
13%
Lee Jordan
13%
Michael Corner
13%
Mme Guipure
13%
Molaire
13%
Peeves
13%
Pius Thicknesse
13%
Rosmerta
13%
Scabior
13%
Seraphine Picquery
13%
Sorcière au chariot
13%
Strangulot
13%
Tom Jedusor
13%
Viktor Krum
13%
Bozo
6%
Chanteuse fantome
6%
Conducteur Poudlard Express
6%
Dedalus Diggle
6%
Leanne
6%
Lisa Turpin
6%
Mafalada Hopkirk
6%
Mary Cattermole
6%
Mme Flume
6%
Mr Barjow
6%
Mr Flume
6%
Pénélope Deauclaire
6%
Propriétaire Magasin de Quidditch
6%
Propriétaire Poste de Hiboux
6%
Propriétaire Zonko
6%
Reg Cattermole
6%
Ricbert
6%
Romilda Vane
6%
Septima Vector
6%
Silvanus Brulopot
6%
Terry Boot
6%
Walden Macnair
6%
Aucun quiz correspondant
Distribution des résultats
% des personnes avec chaque résultat
Percentile par nombre de réponses
Votre historique - résultats
Vous n’avez pas pris ce quiz